<?xml version="1.0" encoding="UTF-8"?>
<record
    xmlns:xsi="http://www.w3.org/2001/XMLSchema-instance"
    xsi:schemaLocation="http://www.loc.gov/MARC21/slim http://www.loc.gov/standards/marcxml/schema/MARC21slim.xsd"
    xmlns="http://www.loc.gov/MARC21/slim">

  <leader>01778nam a2200205Ia 4500</leader>
  <controlfield tag="001">6539</controlfield>
  <controlfield tag="008">260430s9999    xx            000 0 und d</controlfield>
  <datafield tag="020" ind1=" " ind2=" ">
    <subfield code="a">9781069204004</subfield>
  </datafield>
  <datafield tag="245" ind1=" " ind2="0">
    <subfield code="a">Landing/ </subfield>
    <subfield code="c">Maen Hammad</subfield>
  </datafield>
  <datafield tag="260" ind1=" " ind2=" ">
    <subfield code="a">Montreal; </subfield>
    <subfield code="b">Huwawa; </subfield>
    <subfield code="c">2025</subfield>
  </datafield>
  <datafield tag="300" ind1=" " ind2=" ">
    <subfield code="a">200p; </subfield>
    <subfield code="c">28x23cm</subfield>
  </datafield>
  <datafield tag="520" ind1=" " ind2=" ">
    <subfield code="a">Landing by Maen Hammad explores the lives of Palestinian skateboarders in the occupied West Bank as they navigate the layered realities of Israeli settler-colonial domination. The book offers a thesis on skateboarding as a form of resistance to a headspace of violence. Documented between 2015 and 2022, it captures the fleeting moments of escape and the indomitable spirit of skateboarding. Through an interpretive dance of imagery and text the book presents a powerful counter-narrative&#x2014;a taste of the Palestinian refusal to succumb.  Produced in close collaboration with book designer Ro&#xEF; Saade, Landing harmonizes 22 critical essays, poems, and interviews alongside over 100 images.  Weaving Maen&#x2019;s personal narrative with the voices of Palestinian skaters, Landing provides an intimate lens into the everyday pursuit of freedom. It focuses on the alternative headspace crafted by these young skaters. This multi-layered book creates a necessary dialogue between text and imagery, providing variant micro-stories within the connected whole. Against the backdrop of ongoing genocide and nearly a century of erasure, Landing presents a vital portal into the tenacity, creativity, and decolonial struggle of this generation in Palestine.</subfield>
  </datafield>
  <datafield tag="546" ind1=" " ind2=" ">
    <subfield code="a">English</subfield>
  </datafield>
  <datafield tag="650" ind1=" " ind2=" ">
    <subfield code="a">Diaspora</subfield>
    <subfield code="9">7661</subfield>
  </datafield>
  <datafield tag="650" ind1=" " ind2=" ">
    <subfield code="a">Israeli Occupation</subfield>
    <subfield code="9">5811</subfield>
  </datafield>
  <datafield tag="650" ind1=" " ind2=" ">
    <subfield code="a">TR624-835 Technology- Applied Photography</subfield>
  </datafield>
  <datafield tag="651" ind1=" " ind2=" ">
    <subfield code="a">Palestine</subfield>
    <subfield code="z">West Bank</subfield>
    <subfield code="9">9372</subfield>
  </datafield>
  <datafield tag="655" ind1=" " ind2=" ">
    <subfield code="a">Documentary</subfield>
    <subfield code="9">9373</subfield>
  </datafield>
  <datafield tag="942" ind1=" " ind2=" ">
    <subfield code="c">BK </subfield>
  </datafield>
  <datafield tag="999" ind1=" " ind2=" ">
    <subfield code="c">6539</subfield>
    <subfield code="d">6539</subfield>
  </datafield>
  <datafield tag="952" ind1=" " ind2=" ">
    <subfield code="0">0</subfield>
    <subfield code="1">0</subfield>
    <subfield code="4">0</subfield>
    <subfield code="7">0</subfield>
    <subfield code="8">T</subfield>
    <subfield code="a">SAFL</subfield>
    <subfield code="b">PHGAL</subfield>
    <subfield code="d">2026-04-27</subfield>
    <subfield code="l">0</subfield>
    <subfield code="o">TR624-835 160.268</subfield>
    <subfield code="p">6539</subfield>
    <subfield code="r">2026-04-30</subfield>
    <subfield code="w">2026-04-30</subfield>
    <subfield code="y">BK</subfield>
  </datafield>
</record>
